[Event "Australian Junior Championship U18 2017"]
[Site "?"]
[Date "2017.01.18"]
[Round "5.1"]
[White "Yang, Ray"]
[Black "Maguire, Tom"]
[Result "1-0"]
[WhiteElo "2011"]
[BlackElo "2116"]
[PlyCount "87"]
[EventDate "2017.??.??"]

1. d4 Nf6 2. c4 c5 3. d5 b5 4. cxb5 a6 5. bxa6 g6 6. Nc3 Bxa6 7. e4 Bxf1 8.
Kxf1 d6 9. g3 Bg7 10. Kg2 O-O 11. Nf3 Nfd7 12. Qc2 Qa5 13. Bg5 Re8 14. Bd2 Na6
15. a3 Nc7 16. a4 Reb8 17. Nb5 Qb6 18. Nxc7 Qxc7 19. Bc3 Qb6 20. Rhb1 Bxc3 21.
bxc3 Qa6 22. Nd2 Ne5 23. Rxb8+ Rxb8 24. c4 Qa5 25. h3 Rb4 26. Qc3 Nd7 27. Nb3
Qa6 28. a5 Rxc4 29. Qd3 Nb8 30. e5 Rb4 31. Qf3 Nd7 32. exd6 exd6 33. Re1 Ne5
34. Qf6 Rxb3 35. Rxe5 Rb8 36. Re7 Rf8 37. h4 h5 38. g4 Qc4 39. Qxd6 Qxg4+ 40.
Qg3 Qxg3+ 41. Kxg3 Ra8 42. d6 Kf8 43. Rc7 Rxa5 44. Rc8+ 1-0

[Event "Australian Junior Championship U18 2017"]
[Site "?"]
[Date "2017.01.18"]
[Round "5.2"]
[White "Slater-Jones, Tom"]
[Black "Harris, Timothy"]
[Result "1/2-1/2"]
[WhiteElo "2048"]
[BlackElo "1626"]
[PlyCount "78"]
[EventDate "2017.??.??"]

1. d4 Nf6 2. c4 e6 3. g3 d5 4. Bg2 Bb4+ 5. Bd2 Be7 6. Nf3 O-O 7. O-O dxc4 8.
Bc3 b5 9. Ne5 Nd5 10. e4 Nb6 11. d5 exd5 12. exd5 Bb7 13. d6 Bxg2 14. dxe7 Qxe7
15. Re1 Bb7 16. Ng6 Qc5 17. Nxf8 Qxf8 18. Qg4 N8d7 19. Nd2 b4 20. Bd4 c5 21.
Be5 Nxe5 22. Rxe5 Qd6 23. Rae1 Qc6 24. Ne4 Nd7 25. Re7 Nf8 26. Qf5 Qd5 27. Qxd5
Bxd5 28. Nxc5 Ne6 29. Rd7 Nxc5 30. Rxd5 Nd3 31. Rd1 Kf8 32. b3 Nb2 33. Rd8+
Rxd8 34. Rxd8+ Ke7 35. Rc8 Kd7 36. Rc5 Kd6 37. Rc8 Kd7 38. Rc5 Kd6 39. Rc8 Kd7
1/2-1/2

[Event "Australian Junior Championship U18 2017"]
[Site "?"]
[Date "2017.01.18"]
[Round "5.3"]
[White "Parle, Hughston"]
[Black "Mikkelsen, Max"]
[Result "1-0"]
[WhiteElo "1846"]
[BlackElo "1712"]
[PlyCount "57"]
[EventDate "2017.??.??"]

1. e4 Nf6 2. e5 Nd5 3. d4 d6 4. c4 Nb6 5. exd6 cxd6 6. Nc3 g6 7. Be3 Bg7 8. Rc1
O-O 9. Nf3 Bg4 10. Be2 Nc6 11. b3 Rc8 12. O-O Re8 13. d5 Bxf3 14. gxf3 Nb8 15.
Nb5 N8d7 16. f4 a6 17. Nd4 Nf6 18. f5 Nbd7 19. f4 Qa5 20. fxg6 hxg6 21. f5 Ne5
22. fxg6 Nxg6 23. Bd3 Ne5 24. Rc2 Nfg4 25. Rg2 Qc3 26. Rxg4 Nxg4 27. Qxg4 Qxd3
28. Nf5 Qc3 29. Bd4 1-0

[Event "Australian Junior Championship U18 2017"]
[Site "?"]
[Date "2017.01.18"]
[Round "5.4"]
[White "Fahey, Aaron"]
[Black "Gong, Michael"]
[Result "0-1"]
[WhiteElo "1532"]
[BlackElo "1626"]
[PlyCount "80"]
[EventDate "2017.??.??"]

1. e4 c5 2. Nf3 Nc6 3. d4 cxd4 4. Nxd4 g6 5. Be3 Bg7 6. Nc3 d6 7. Bc4 Nf6 8. f3
O-O 9. Qd2 Bd7 10. h4 h5 11. O-O-O Ne5 12. Bb3 a6 13. Bh6 b5 14. Bxg7 Kxg7 15.
Nd5 Nxd5 16. Bxd5 Rc8 17. g4 Rh8 18. g5 a5 19. f4 Nc4 20. Qf2 Nb6 21. f5 Nxd5
22. exd5 Rf8 23. fxg6 fxg6 24. Ne6+ Bxe6 25. Qd4+ Kh7 26. dxe6 Rc4 27. Qd3 Qc8
28. Rde1 Rf2 29. Re2 Rff4 30. b3 Rxh4 31. Rxh4 Rxh4 32. Qf3 Qg8 33. Qf7+ Qxf7
34. exf7 Kg7 35. Rxe7 Rg4 36. Rd7 h4 37. Rxd6 h3 38. Rf6 Kf8 39. Rxg6 Rg1+ 40.
Kb2 h2 0-1

[Event "Australian Junior Championship U18 2017"]
[Site "?"]
[Date "2017.01.18"]
[Round "5.5"]
[White "White, Henry"]
[Black "Harrison, Liam"]
[Result "0-1"]
[WhiteElo "1610"]
[BlackElo "1520"]
[PlyCount "72"]
[EventDate "2017.??.??"]

1. e4 e5 2. Nf3 Nc6 3. d4 exd4 4. Bc4 Bc5 5. c3 dxc3 6. Bxf7+ Kxf7 7. Qd5+ Kf8
8. Qxc5+ Qe7 9. Qxe7+ Ngxe7 10. Nxc3 a6 11. Bf4 d6 12. O-O-O Bg4 13. h3 Bxf3
14. gxf3 Kf7 15. Bg3 Rad8 16. f4 g6 17. f3 Rhe8 18. Rhe1 b6 19. Bf2 b5 20. e5
Nf5 21. exd6 Rxe1 22. Bxe1 Rxd6 23. Nd5 Ncd4 24. Nc3 Nxf3 25. Rxd6 cxd6 26. Bf2
N5d4 27. Kd1 Ke6 28. Ne4 h6 29. Nd2 Kf5 30. Be3 Nxd2 31. Kxd2 Ke4 32. Bf2 Ne6
33. Kc3 Nxf4 34. h4 g5 35. Kd2 g4 36. b4 h5 0-1

[Event "Australian Junior Championship U18 2017"]
[Site "?"]
[Date "2017.01.18"]
[Round "5.6"]
[White "Hawkins, Colm"]
[Black "Herrmann, Oscar"]
[Result "0-1"]
[WhiteElo "730"]
[BlackElo "1595"]
[PlyCount "62"]
[EventDate "2017.??.??"]

1. e4 e6 2. d4 d5 3. exd5 exd5 4. Nf3 Bd6 5. Bb5+ c6 6. Ba4 Bg4 7. Nc3 Nd7 8.
Be3 Qf6 9. Kd2 Bxf3 10. gxf3 Ne7 11. Qe2 O-O-O 12. a3 Nb6 13. b4 Nf5 14. b5
Nxd4 15. Bxd4 Qxd4+ 16. Qd3 Bf4+ 17. Kd1 Qxd3+ 18. cxd3 Be5 19. Kd2 Bxc3+ 20.
Kxc3 Nxa4+ 21. Kb4 Nb6 22. Rhc1 Kd7 23. Rg1 g6 24. a4 Kd6 25. a5 Nd7 26. a6 c5+
27. Kc3 b6 28. Rg4 Rde8 29. Rf4 f5 30. Ra2 Nf8 31. h4 d4+ 0-1

[Event "Australian Junior Championship U18 2017"]
[Site "?"]
[Date "2017.01.19"]
[Round "6.1"]
[White "Slater-Jones, Tom"]
[Black "Yang, Ray"]
[Result "0-1"]
[WhiteElo "2048"]
[BlackElo "2011"]
[PlyCount "86"]
[EventDate "2017.??.??"]

1. d4 Nf6 2. c4 g6 3. Nc3 d5 4. Nf3 Bg7 5. Bg5 Ne4 6. cxd5 Nxg5 7. Nxg5 e6 8.
Qd2 h6 9. Nh3 O-O 10. dxe6 Bxe6 11. e3 c5 12. dxc5 Qa5 13. Nf4 Rd8 14. Bd3 Na6
15. O-O Bc4 16. a3 Bxc3 17. Qc2 Bxd3 18. Nxd3 Bg7 19. b4 Qb5 20. Rad1 b6 21. a4
Qe8 22. b5 Nxc5 23. Nxc5 Rxd1 24. Rxd1 Rc8 25. Rd5 Qe7 26. g3 Rxc5 27. Rxc5
bxc5 28. Qc4 Qc7 29. h3 Bf8 30. Kf1 Qa5 31. Ke2 Qb4 32. Qc2 c4 33. f4 Qb3 34.
Qe4 Qxa4 35. f5 Qxb5 36. fxg6 Qh5+ 37. g4 Qxg6 38. Qxc4 a5 39. h4 Qe6 40. Qa4
Qa6+ 41. Kf2 Qf6+ 42. Kg3 Bd6+ 43. Kg2 Qxh4 0-1

[Event "Australian Junior Championship U18 2017"]
[Site "?"]
[Date "2017.01.19"]
[Round "6.2"]
[White "Harris, Timothy"]
[Black "Parle, Hughston"]
[Result "1/2-1/2"]
[WhiteElo "1636"]
[BlackElo "1846"]
[PlyCount "81"]
[EventDate "2017.??.??"]

1. d4 Nf6 2. Nf3 g6 3. g3 Bg7 4. Bg2 O-O 5. O-O d6 6. b3 c5 7. Bb2 a6 8. Nbd2
Qc7 9. c4 cxd4 10. Nxd4 Nc6 11. Rc1 e5 12. Nxc6 bxc6 13. Qc2 Nd7 14. Rfd1 f5
15. Nf3 Nc5 16. Ba3 Qa5 17. Bxc5 Qxc5 18. Qd2 e4 19. Nd4 Rd8 20. b4 Qxd4 21.
Qxd4 Bxd4 22. Rxd4 Ra7 23. Rcd1 Rad7 24. f3 c5 25. bxc5 dxc5 26. Rxd7 Rxd7 27.
Rxd7 Bxd7 28. fxe4 Be6 29. Kf2 Bxc4 30. a3 fxe4 31. Bxe4 Kf7 32. Ke3 Ke6 33.
Bd3 Kd5 34. Kd2 Bb5 35. Kc3 Bxd3 36. exd3 h5 37. h4 Kc6 38. Kc4 Kd6 39. a4 Kc6
40. d4 cxd4 41. Kxd4 1/2-1/2

[Event "Australian Junior Championship U18 2017"]
[Site "?"]
[Date "2017.01.19"]
[Round "6.3"]
[White "Maguire, Tom"]
[Black "Gong, Michael"]
[Result "0-1"]
[WhiteElo "2116"]
[BlackElo "1626"]
[PlyCount "186"]
[EventDate "2017.??.??"]

1. d4 Nf6 2. c4 e6 3. Nc3 d5 4. Bg5 Be7 5. e3 O-O 6. cxd5 exd5 7. Nf3 Bf5 8.
Bd3 Bxd3 9. Qxd3 c6 10. O-O Nbd7 11. Rab1 Ne4 12. Bf4 f5 13. Ne5 Nxe5 14. Bxe5
Bd6 15. Bxd6 Qxd6 16. b4 Rac8 17. f3 Nxc3 18. Qxc3 Rfe8 19. Qd3 Qe6 20. Rfe1 a6
21. a4 b5 22. a5 g6 23. Rbc1 Qd6 24. Rc5 Rc7 25. Rec1 Re6 26. Qd2 Qe7 27. R1c3
Kg7 28. g3 Qd6 29. Kf2 h6 30. Qc1 Kh7 31. Qc2 Kg7 32. f4 Kh7 33. Ke2 Kg7 34.
Kd2 Kf7 35. h3 Qe7 36. Kc1 Rc8 37. Kb2 Kg7 38. Ka3 Kf7 39. Qd2 Rd6 40. Qf2 h5
41. Rc1 Re6 42. R5c3 Kg7 43. g4 hxg4 44. hxg4 fxg4 45. Qg3 Re8 46. Re1 Re4 47.
Rd3 Qe6 48. Kb3 Qf5 49. Kc3 Rh8 50. Kd2 Rh3 51. Qf2 Qh5 52. Rg1 Rh2 53. Rg2
Rxg2 54. Qxg2 Qh3 55. Qxh3 gxh3 56. Ke2 Kh6 57. Kf3 Kh5 58. Kg3 g5 59. fxg5 Rh4
60. Kh2 Kxg5 61. Rd1 Kf5 62. Rf1+ Ke6 63. Rf8 Re4 64. Ra8 Kd6 65. Rxa6 Rxe3 66.
Ra8 Ra3 67. Rh8 Ra4 68. Rxh3 Rxb4 69. Rh4 Ra4 70. Rh6+ Kc7 71. Rh7+ Kb8 72. Rh6
Kc7 73. Rh7+ Kb8 74. Rh8+ Kb7 75. Rh7+ Ka6 76. Rc7 Rc4 77. Kg3 Kxa5 78. Kf3 Kb6
79. Rh7 Rxd4 80. Ke3 Rc4 81. Kd3 b4 82. Rh8 Kc5 83. Rb8 Rc3+ 84. Kd2 Kc4 85.
Rh8 b3 86. Rc8 c5 87. Rxc5+ Kxc5 88. Kxc3 b2 89. Kxb2 Kd4 90. Kc2 Ke3 91. Kd1
Kd3 92. Ke1 Kc2 93. Ke2 d4 0-1

[Event "Australian Junior Championship U18 2017"]
[Site "?"]
[Date "2017.01.19"]
[Round "6.6"]
[White "Fahey, Aaron"]
[Black "De Git, Cole"]
[Result "0-1"]
[WhiteElo "1532"]
[BlackElo "939"]
[PlyCount "118"]
[EventDate "2017.??.??"]

1. e4 d6 2. d4 Nf6 3. Nc3 g6 4. f3 Bg7 5. Bc4 O-O 6. Nge2 Nc6 7. Be3 e5 8. O-O
Nd7 9. f4 Nb6 10. Bb3 Bg4 11. fxe5 dxe5 12. d5 Nd4 13. h3 Nxb3 14. axb3 Bd7 15.
Ng3 Nc8 16. Na4 Nd6 17. c4 Bxa4 18. Rxa4 b6 19. Qc2 Qd7 20. Rfa1 Nc8 21. b4 c6
22. dxc6 Qxc6 23. b5 Qb7 24. b4 Nd6 25. Rd1 Rfd8 26. Ra3 Rac8 27. Rc3 f6 28.
Bf2 Bf8 29. Qe2 Nf7 30. Rxd8 Nxd8 31. c5 Rc7 32. c6 Qc8 33. Ra3 Kg7 34. Qa2 Qb8
35. Qd2 Nf7 36. Rd3 Qe8 37. Nf1 Qe6 38. Ne3 Nd6 39. Nd5 Rc8 40. Nc3 Rc7 41. Rf3
h5 42. Qd5 Qe8 43. Bh4 g5 44. Be1 Qe7 45. Ne2 Kg6 46. Ng3 Qf7 47. Qxf7+ Rxf7
48. Rd3 Rc7 49. Rd5 h4 50. Nf1 Nxe4 51. Ne3 Kf7 52. Nc4 Ke6 53. Rd8 Be7 54. Rg8
Nd6 55. Nxd6 Kxd6 56. Bf2 Kd5 57. Be1 Kc4 58. Kf2 Kxb5 59. Ke3 Kxc6 0-1

[Event "Australian Junior Championship U18 2017"]
[Site "?"]
[Date "2017.01.19"]
[Round "6.4"]
[White "Mikkelsen, Max"]
[Black "White, Henry"]
[Result "0-1"]
[WhiteElo "1712"]
[BlackElo "1610"]
[PlyCount "88"]
[EventDate "2017.??.??"]

1. e4 c5 2. Nf3 g6 3. c3 Bg7 4. d4 cxd4 5. cxd4 d5 6. e5 Bg4 7. Nc3 Nc6 8. Be2
Bxf3 9. Bxf3 e6 10. O-O Nge7 11. Be3 O-O 12. Be2 Nf5 13. Qd2 Qb6 14. Rfd1 f6
15. Na4 Qb4 16. Nc5 fxe5 17. Qxb4 Nxb4 18. Nxe6 exd4 19. Bd2 Rfe8 20. Nc7 Rxe2
21. Kf1 Rxd2 22. Rxd2 Rc8 23. Ne6 Bh6 24. f4 Re8 25. Ng5 Ne3+ 26. Kg1 d3 27. a3
Nc4 28. Rf2 Nc2 29. Rd1 d2 30. Rfxd2 Nxd2 31. Rxd2 Ne3 32. Kf2 Bg7 33. b4 d4
34. Nf3 Nc4 35. Rc2 b5 36. Ne1 Re3 37. a4 a6 38. axb5 axb5 39. Nf3 Rc3 40. Ra2
d3 41. Ra8+ Bf8 42. Rd8 Rc2+ 43. Ke1 d2+ 44. Nxd2 Rxd2 0-1

[Event "Australian Junior Championship U18 2017"]
[Site "?"]
[Date "2017.01.19"]
[Round "6.5"]
[White "Harrison, Liam"]
[Black "Hawkins, Colm"]
[Result "1-0"]
[WhiteElo "1520"]
[BlackElo "730"]
[PlyCount "65"]
[EventDate "2017.??.??"]

1. e4 e5 2. Nf3 Nc6 3. Bc4 Bc5 4. d3 h6 5. c3 d6 6. h3 Bd7 7. Qe2 Na5 8. Nbd2
Nxc4 9. Nxc4 Qe7 10. Be3 Bxe3 11. Nxe3 Nf6 12. O-O-O g6 13. Nd2 Be6 14. Kb1 Qd7
15. d4 Qa4 16. b3 Qa5 17. d5 Bd7 18. Rc1 c6 19. Nec4 Qc7 20. dxc6 Bxc6 21. a4
Ke7 22. Rhf1 g5 23. f3 Rac8 24. Ne3 Ne8 25. Nf5+ Kd7 26. Rh1 f6 27. h4 gxh4 28.
Rxh4 Ke6 29. Rch1 Ng7 30. Rxh6 Rxh6 31. Rxh6 Rf8 32. Qc4+ Kd7 33. Nxg7 1-0

[Event "Australian Junior Championship U18 2017"]
[Site "?"]
[Date "2017.01.20"]
[Round "7.6"]
[White "Hawkins, Colm"]
[Black "White, Henry"]
[Result "0-1"]
[WhiteElo "730"]
[BlackElo "1610"]
[PlyCount "52"]
[EventDate "2017.??.??"]

1. e4 c5 2. Nf3 g6 3. d4 cxd4 4. Nxd4 Nc6 5. Nc3 Bg7 6. Be3 Nf6 7. f3 O-O 8.
Qd2 d5 9. Nxc6 bxc6 10. e5 Nd7 11. f4 e6 12. Bd3 c5 13. h4 d4 14. h5 dxc3 15.
bxc3 Bb7 16. Qf2 Rc8 17. Qg3 c4 18. Bxg6 fxg6 19. hxg6 h6 20. f5 Bxe5 21. Qh3
Bxc3+ 22. Ke2 Bg7 23. Bxh6 Qe7 24. Qe3 Rce8 25. Bxg7 Qxg7 26. Rh7 Qxa1 0-1

[Event "Australian Junior Championship U18 2017"]
[Site "?"]
[Date "2017.01.19"]
[Round "7.4"]
[White "De Git, Cole"]
[Black "Maguire, Tom"]
[Result "0-1"]
[WhiteElo "939"]
[BlackElo "2116"]
[PlyCount "48"]
[EventDate "2017.??.??"]

1. c4 e5 2. Nc3 Bb4 3. e4 Nf6 4. d3 O-O 5. g3 d6 6. Bg2 Bxc3+ 7. bxc3 Nbd7 8.
Be3 Nc5 9. Ne2 Be6 10. O-O Qd7 11. f4 Bh3 12. f5 Bxg2 13. Kxg2 c6 14. Bxc5 dxc5
15. h3 Rfd8 16. Qb3 Qxd3 17. Ng1 Qxe4+ 18. Nf3 Rd2+ 19. Rf2 Rxf2+ 20. Kxf2 Qxf5
21. Qxb7 Rd8 22. Re1 e4 23. Re3 exf3 24. g4 Ne4+ 0-1

[Event "Australian Junior Championship U18 2017"]
[Site "?"]
[Date "2017.01.20"]
[Round "7.5"]
[White "Mikkelsen, Max"]
[Black "Herrmann, Oscar"]
[Result "1-0"]
[WhiteElo "1712"]
[BlackElo "1595"]
[PlyCount "71"]
[EventDate "2017.??.??"]

1. e4 e6 2. d4 d5 3. exd5 exd5 4. c4 Bb4+ 5. Nc3 Ne7 6. a3 Bxc3+ 7. bxc3 O-O 8.
Nf3 Nbc6 9. Bd3 dxc4 10. Bxc4 Re8 11. O-O Nd5 12. Ng5 f6 13. Qh5 fxg5 14. Bxd5+
Be6 15. Bxc6 bxc6 16. Qxg5 Qd7 17. Bf4 Rf8 18. Be5 Bd5 19. f4 Rf5 20. Qh4 Qf7
21. g4 Rxe5 22. dxe5 a6 23. f5 Re8 24. e6 Qf8 25. Qf2 Qd6 26. Qf4 Qc5+ 27. Qd4
Qb6 28. Qxb6 cxb6 29. a4 h6 30. Rf4 b5 31. axb5 axb5 32. Ra7 Rf8 33. Rf1 Re8
34. Rfa1 g6 35. Rf7 h5 36. Raa7 1-0

[Event "Australian Junior Championship U18 2017"]
[Site "?"]
[Date "2017.01.20"]
[Round "7.3"]
[White "Harris, Timothy"]
[Black "Harrison, Liam"]
[Result "1-0"]
[WhiteElo "1636"]
[BlackElo "1520"]
[PlyCount "81"]
[EventDate "2017.??.??"]

1. d4 d5 2. c4 c6 3. Nf3 Nf6 4. Nc3 e6 5. e3 Nbd7 6. Qc2 Bd6 7. g4 Nxg4 8. Rg1
Qf6 9. Rxg4 Qxf3 10. Rxg7 Nf6 11. Bg2 Qh5 12. e4 dxe4 13. Be3 Bb4 14. Rg5 Qxh2
15. O-O-O Bxc3 16. Qxc3 Qd6 17. d5 exd5 18. cxd5 cxd5 19. Rgxd5 Nxd5 20. Qxh8+
Qf8 21. Qxf8+ Kxf8 22. Rxd5 Be6 23. Rc5 Rc8 24. Rxc8+ Bxc8 25. Bxe4 f5 26. Bd5
b6 27. Bd4 Ke7 28. Be5 Be6 29. Bxe6 Kxe6 30. Bb8 a6 31. Kd2 Kd5 32. Ke3 Ke6 33.
Kf4 h6 34. Be5 h5 35. Bc7 b5 36. Kg5 h4 37. Kxh4 Kd5 38. Kg5 Ke6 39. f4 b4 40.
b3 Kd7 41. Ba5 1-0

[Event "Australian Junior Championship U18 2017"]
[Site "?"]
[Date "2017.01.20"]
[Round "7.1"]
[White "Gong, Michael"]
[Black "Yang, Ray"]
[Result "0-1"]
[WhiteElo "1626"]
[BlackElo "2011"]
[PlyCount "192"]
[EventDate "2017.??.??"]

1. c4 e5 2. Nc3 Nf6 3. g3 Bb4 4. Nd5 Nxd5 5. cxd5 O-O 6. Bg2 c6 7. a3 Bd6 8.
dxc6 Nxc6 9. d3 Bc7 10. Nf3 h6 11. O-O d5 12. e4 Be6 13. b4 a6 14. Be3 d4 15.
Bd2 b5 16. Rc1 Bd7 17. Qb3 Ne7 18. Rc2 Be6 19. Qb2 f6 20. Rfc1 Ra7 21. Be1 Qd7
22. Nd2 Bb6 23. Nb3 Qd6 24. Nc5 Bc8 25. Bd2 a5 26. Qb3+ Kh8 27. bxa5 Bxa5 28.
Qxb5 Bxd2 29. Rxd2 Rxa3 30. Qb4 Ra7 31. Qb5 Bg4 32. Rb2 Rc8 33. Rbc2 Rb8 34.
Qc4 Rc7 35. h3 Bd7 36. Qa2 Bc8 37. Qf7 Nc6 38. Qc4 Nb4 39. Rb2 Be6 40. Rxb4
Bxc4 41. Rxb8+ Bg8 42. Rb5 Be6 43. Kh2 Bc8 44. Rb8 Kh7 45. Rc4 Rc6 46. Rb5 Ba6
47. Nxa6 Rxa6 48. Rd5 Qa3 49. Rd7 Ra7 50. Rxa7 Qxa7 51. Bf1 Qa1 52. Kg2 Qd1 53.
Rc5 h5 54. h4 Kg6 55. Rc7 Qd2 56. Rd7 Kh6 57. Rd6 Qb4 58. Rc6 Qb7 59. Rd6 Qe7
60. Ra6 g5 61. hxg5+ Kxg5 62. Ra8 f5 63. f3 Qg7 64. exf5 Kxf5 65. Kf2 h4 66.
Bh3+ Kg5 67. gxh4+ Kf4 68. Bg4 Qf6 69. Ke2 Qxh4 70. Rf8+ Kg3 71. Rg8 Qh2+ 72.
Kd1 Kf4 73. Rf8+ Ke3 74. Kc1 Qd2+ 75. Kb1 Qxd3+ 76. Ka2 Qc4+ 77. Ka3 Qc5+ 78.
Kb3 Qxf8 79. Kb2 Kd2 80. Kb3 Ke3 81. Kc4 d3 82. Kd5 d2 83. f4 Qg8+ 84. Kxe5
Qxg4 85. f5 Qxf5+ 86. Kxf5 d1=Q 87. Ke5 Qd4+ 88. Kf5 Qe4+ 89. Kf6 Qd5 90. Ke7
Qc6 91. Kf7 Ke4 92. Ke7 Ke5 93. Kf7 Qf6+ 94. Ke8 Qg7 95. Kd8 Kd6 96. Kc8 Qc7#
0-1

[Event "Australian Junior Championship U18 2017"]
[Site "?"]
[Date "2017.01.20"]
[Round "7.2"]
[White "Parle, Hughston"]
[Black "Slater-Jones, Tom"]
[Result "0-1"]
[WhiteElo "1846"]
[BlackElo "2048"]
[PlyCount "176"]
[EventDate "2017.??.??"]

1. a3 d5 2. Nf3 Nf6 3. g3 c6 4. Bg2 h6 5. O-O Bf5 6. d3 e6 7. c4 a5 8. b3 Be7
9. Bb2 O-O 10. Nc3 Na6 11. Nh4 Bh7 12. e4 dxe4 13. Nxe4 Nxe4 14. dxe4 Bxh4 15.
gxh4 Qxd1 16. Raxd1 Nc5 17. b4 axb4 18. axb4 Nxe4 19. Rd7 Ra2 20. Bd4 Rd2 21.
Bxe4 Bxe4 22. Re1 Bf5 23. Rd6 Rc2 24. Bc5 Rxc4 25. Rd7 Rc8 26. f3 b6 27. Be7 c5
28. bxc5 bxc5 29. Red1 Bg6 30. Rd8+ Rxd8 31. Rxd8+ Kh7 32. Rc8 Rc1+ 33. Kf2 c4
34. Bb4 Bh5 35. Rc5 Kg6 36. f4 Bg4 37. Rc7 h5 38. Ke3 Bf5 39. Rc5 Rc2 40. Bd2
Kf6 41. Rc7 Bd3 42. Rc5 Bg6 43. Rc7 Kf5 44. Rc5+ Kg4 45. Be1 Kh3 46. Bg3 Rc1
47. Kd4 Rg1 48. Rg5 Rc1 49. Rc5 Bd3 50. Rxh5 Bf5 51. Bf2 c3 52. Be3 Re1 53. Rg5
c2 54. Bd2 c1=Q 55. Bxc1 Rxc1 56. Rxg7 Kxh4 57. Rxf7 Kg4 58. Ke5 Re1+ 59. Kf6
Kxf4 60. h4 Rh1 61. Ra7 Rxh4 62. Ra4+ Kg3 63. Ra3+ Kf2 64. Ra5 Rd4 65. Ke5 Re4+
66. Kf6 Kf3 67. Ra1 Re3 68. Rf1+ Ke4 69. Rd1 Bg4 70. Ra1 Rf3+ 71. Kg5 Bh3 72.
Re1+ Re3 73. Ra1 e5 74. Ra8 Kf3 75. Kh4 Bf5 76. Rf8 Re4+ 77. Kg5 Rf4 78. Ra8
Bd3 79. Ra5 e4 80. Ra3 Rf8 81. Kh4 Rg8 82. Rb3 Kf2 83. Rb6 e3 84. Rf6+ Ke1 85.
Kh3 e2 86. Kh2 Kd1 87. Rf1+ exf1=R 88. Kh3 Rh1# 0-1

[Event "Australian Junior Championship U18 2017"]
[Site "?"]
[Date "2017.01.21"]
[Round "8.3"]
[White "Maguire, Tom"]
[Black "Herrmann, Oscar"]
[Result "1/2-1/2"]
[WhiteElo "2116"]
[BlackElo "1595"]
[PlyCount "80"]
[EventDate "2017.??.??"]

1. d4 e6 2. Bf4 Nf6 3. e3 b6 4. Nf3 Bb7 5. Nbd2 Be7 6. Bd3 d5 7. Qe2 c5 8. c3
Nbd7 9. O-O O-O 10. h3 h6 11. Ne5 Rc8 12. Rad1 Nh7 13. e4 cxd4 14. cxd4 Ndf6
15. Rfe1 dxe4 16. Nxe4 Nxe4 17. Bxe4 Bxe4 18. Qxe4 Nf6 19. Qe2 Nd5 20. Bg3 Bh4
21. Bxh4 Qxh4 22. Ng6 fxg6 23. Qxe6+ Kh7 24. Qxd5 Rxf2 25. Rc1 Re2 26. Red1
Qf2+ 27. Kh1 Rce8 28. Rf1 Qg3 29. Rc3 Qh4 30. Rc7 Re1 31. Rcf7 R8e4 32. Kh2
Rxf1 33. Rxf1 Rxd4 34. Qb7 Qe4 35. Rf7 Qe5+ 36. Kg1 Qe3+ 37. Kh2 Qe5+ 38. Kg1
Qe3+ 39. Kh2 Qe5+ 40. Kg1 Qe3+ 1/2-1/2

[Event "Australian Junior Championship U18 2017"]
[Site "?"]
[Date "2017.01.20"]
[Round "8.6"]
[White "Harrison, Liam"]
[Black "De Git, Cole"]
[Result "1-0"]
[WhiteElo "1520"]
[BlackElo "939"]
[PlyCount "85"]
[EventDate "2017.??.??"]

1. e4 c5 2. Nf3 Nc6 3. d4 cxd4 4. Nxd4 g6 5. Nc3 Bg7 6. Be3 d6 7. Be2 Nf6 8.
O-O O-O 9. f4 a6 10. Qd2 Bg4 11. Nxc6 bxc6 12. Bxg4 Nxg4 13. Bd4 e5 14. fxe5
dxe5 15. Be3 Nxe3 16. Qxe3 Qd4 17. Rfe1 f5 18. Qxd4 exd4 19. Na4 Rab8 20. Rab1
Rb5 21. b3 Ra5 22. exf5 Rfxf5 23. Re6 c5 24. Rc6 Bf8 25. Rf1 Rxf1+ 26. Kxf1 Kf7
27. Ke2 Be7 28. Kd3 Ke8 29. Kc4 Kd7 30. Rb6 Bd6 31. Kd5 Bc7 32. Nxc5+ Rxc5+ 33.
Kxc5 Bxb6+ 34. Kxb6 Kd6 35. Kxa6 Kc6 36. b4 h6 37. b5+ Kc5 38. b6 Kc4 39. b7
Kc3 40. b8=Q Kxc2 41. Qc7+ Kd3 42. Qc1 Ke2 43. Qxh6 1-0

[Event "Australian Junior Championship U18 2017"]
[Site "?"]
[Date "2017.01.22"]
[Round "9.4"]
[White "Hawkins, Colm"]
[Black "Maguire, Tom"]
[Result "0-1"]
[WhiteElo "730"]
[BlackElo "2116"]
[PlyCount "99"]
[EventDate "2017.??.??"]

1. e4 c6 2. d4 d5 3. Nc3 dxe4 4. Nxe4 Bf5 5. Ng3 Bg6 6. Nf3 Nd7 7. Bc4 e6 8.
O-O Ngf6 9. Be3 Be7 10. Qd2 O-O 11. Nh4 Ne4 12. Nxe4 Bxe4 13. Nf3 Bxf3 14. gxf3
Bd6 15. Bf4 Nb6 16. Bd3 Nd5 17. Bxd6 Qxd6 18. Kh1 f5 19. Rg1 Nf4 20. Bc4 Rf6
21. Rg3 b5 22. Bb3 c5 23. c3 cxd4 24. cxd4 Rd8 25. Rd1 Kh8 26. Qe3 Rh6 27. Qe5
Qxe5 28. dxe5 Rxd1+ 29. Bxd1 Nd3 30. Be2 Nxe5 31. Bxb5 f4 32. Rg2 Nxf3 33. Bc6
Nd4 34. Be4 e5 35. f3 Rd6 36. Rg5 Re6 37. Rg2 g6 38. h4 Kg7 39. Rg5 Ne2 40. b3
Kf6 41. Rg2 Ng3+ 42. Kg1 Rd6 43. Bc2 h6 44. Kh2 g5 45. Kh3 Nf5 46. hxg5+ hxg5
47. Be4 Ne3 48. Rf2 g4+ 49. fxg4 Kg5 50. Bb7 0-1

[Event "Australian Junior Championship U18 2017"]
[Site "?"]
[Date "2017.01.22"]
[Round "9.6"]
[White "Herrmann, Oscar"]
[Black "Gong, Michael"]
[Result "1/2-1/2"]
[WhiteElo "1595"]
[BlackElo "1626"]
[PlyCount "47"]
[EventDate "2017.??.??"]

1. d4 Nf6 2. c4 e6 3. Nc3 Bb4 4. Qd3 O-O 5. a3 Bxc3+ 6. Qxc3 b6 7. Bg5 Bb7 8.
f3 h6 9. Bh4 d6 10. e3 Nbd7 11. Bd3 Qe8 12. Ne2 e5 13. e4 c6 14. O-O Qd8 15.
Bf2 Nh5 16. g3 Qg5 17. Bc2 Bc8 18. Be3 Qg6 19. f4 exf4 20. Nxf4 Nxf4 21. Bxf4
Qf6 22. Qd3 Qg6 23. Qc3 Qf6 24. Qd3 1/2-1/2

[Event "Australian Junior Championship U18 2017"]
[Site "?"]
[Date "2017.01.22"]
[Round "9.1"]
[White "Harris, Timothy"]
[Black "Mikkelsen, Max"]
[Result "1/2-1/2"]
[WhiteElo "1636"]
[BlackElo "1712"]
[PlyCount "105"]
[EventDate "2017.??.??"]

1. d4 e6 2. c4 b6 3. Nf3 Bb7 4. g3 f5 5. Bg2 Nf6 6. O-O Be7 7. Nc3 O-O 8. d5
Bb4 9. Bg5 Bxc3 10. bxc3 Qe8 11. Bxf6 Rxf6 12. Nd4 e5 13. Nb5 Na6 14. c5 Qf7
15. cxb6 axb6 16. c4 d6 17. Qd2 f4 18. a4 Nc5 19. Qc2 Rh6 20. g4 Rf8 21. a5
bxa5 22. Rxa5 Qe7 23. Ra3 Bc8 24. h3 Ba6 25. Rfa1 Bxb5 26. cxb5 e4 27. Ra8 Rhf6
28. b6 cxb6 29. Qb2 Qe5 30. Qxb6 Qxd5 31. Rd8 Rxd8 32. Qxd8+ Rf8 33. Qe7 Qe5
34. Qxe5 dxe5 35. Rc1 Nb3 36. Rd1 f3 37. exf3 exf3 38. Bf1 Nd4 39. Re1 Re8 40.
Bd3 g6 41. Re3 Kg7 42. Be4 Rf8 43. Bd5 Re8 44. Bxf3 Nxf3+ 45. Rxf3 h6 46. Ra3
Re6 47. Kg2 Kf6 48. Kg3 g5 49. h4 Rb6 50. hxg5+ hxg5 51. Rf3+ Kg6 52. Ra3 Kf6
53. Rf3+ 1/2-1/2

[Event "Australian Junior Championship U18 2017"]
[Site "?"]
[Date "2017.01.22"]
[Round "9.2"]
[White "Slater-Jones, Tom"]
[Black "Harrison, Liam"]
[Result "1-0"]
[WhiteElo "2048"]
[BlackElo "1520"]
[PlyCount "115"]
[EventDate "2017.??.??"]

1. d4 d5 2. c4 c6 3. Nc3 Nf6 4. e3 e6 5. Nf3 Nbd7 6. Qc2 Bb4 7. Bd2 O-O 8. a3
Bd6 9. Bd3 dxc4 10. Bxc4 e5 11. O-O Qc7 12. h3 g6 13. b4 Nb6 14. Be2 a6 15.
Rac1 Be6 16. Ng5 Bc4 17. dxe5 Bxe5 18. f4 Bxc3 19. Bxc3 Nfd5 20. Be5 Qd7 21.
Bxc4 Nxc4 22. Qxc4 Nxe3 23. Ne4 Qd8 24. Nf6+ Qxf6 25. Bxf6 Nxc4 26. Rxc4 a5 27.
Re1 axb4 28. axb4 Ra4 29. Rce4 Ra6 30. Re8 c5 31. Rxf8+ Kxf8 32. Be7+ Ke8 33.
Bxc5+ Kd8 34. Kh2 Rc6 35. Be3 Rc4 36. b5 f5 37. b6 Re4 38. Rd1+ Ke7 39. Bc5+
Ke8 40. Bd6 Re6 41. Bc7 Kf7 42. Rd7+ Re7 43. Rxe7+ Kxe7 44. Kg3 Kf6 45. Kf3 Ke6
46. Ke3 Kd5 47. Kd3 Kc5 48. Bd8 Kd5 49. Bf6 Kc5 50. Bd4+ Kd5 51. Be3 Kc6 52.
Kc4 Kd6 53. Bd4 Kc6 54. Bc5 h6 55. h4 h5 56. g3 Kd7 57. Kd5 Ke8 58. Ke6 1-0